000 00702nam a2200289Ia 4500
005 20260324114852.0
008 008 260324s9999 xx 000 0 eng d
020 _a9781003175643
037 _aEBOOK
040 _aCRL
040 _beng
040 _cCRL
041 _2eng
041 _aeng
084 _qCRL
100 _aRobert P. Gilbert; George C. Hsiao; Robert J. Ronkese
_91152469
245 0 _aDifferential Equations
245 2 _bA Mapleā„¢ Supplement
260 _bTaylor and Francis
260 _c2021
365 _a
365 _b305
856 _uhttp://www.taylorfrancis.com/books/9781003175643
942 _cEBOOK
999 _c1742908
_d1742908